000 00578nam a22002297a 4500
003 UA-OsUOA
001 99492
007 ta
008 20130429b un ||||| |||| 00| 0 ukr d
100 _aТихонова Н.
090 _a821.161.1
_bТ46
942 _cBK
040 _aUA-OsUOA
_brus
_cUA-OsUOA
_dUA-OsUOA
245 _aВибрані твори
300 _a309 с.
955 _a3
041 _arus
080 _a821.161.1
260 _aК.
_bДніпро
_c1966
650 7 _a82 Література. Літературознавство
_2UDC
999 _c385736
_d385736